| Tag |
First Indicator |
Second Indicator |
Subfields |
| LEADER |
00000cam a2200000 4500 |
| 001 |
in00000040764 |
| 005 |
20151007064642.0 |
| 008 |
730108s1945 mau b 00000 eng u |
| 010 |
|
|
|a 45009914
|
| 035 |
|
|
|a (OCoLC)00530339
|
| 035 |
|
|
|9 AAE0320AM
|
| 040 |
|
|
|c WSU
|d TXA
|d UtOrBLW
|
| 049 |
|
|
|a TXAM
|c 1
|v 1 [170767]
|c 2 [170768]
|c 2
|v 1 [291990]
|v 2 [291993]
|c 3
|v 1 [291991]
|v 2 [291995]
|
| 050 |
|
0 |
|a QB43
|b .R86
|
| 092 |
|
|
|a 520
|b R963a, 1945
|
| 100 |
1 |
|
|a Russell, Henry Norris,
|d 1877-1957.
|
| 245 |
1 |
0 |
|a Astronomy; a revision of Young's Manual of astronomy ...
|
| 250 |
|
|
|a Rev. ed.
|b By Henry Norris Russell ... Raymond Smith Dugan ... [and] John Quincy Stewart ...
|
| 264 |
|
1 |
|a Boston,
|a New York [etc.] :
|b Ginn and company,
|c [1945]
|
| 264 |
|
4 |
|c [©1945]
|
| 300 |
|
|
|a 2 volumes
|
| 336 |
|
|
|a text
|b txt
|2 rdacontent
|
| 337 |
|
|
|a unmediated
|b n
|2 rdamedia
|
| 338 |
|
|
|a volume
|b nc
|2 rdacarrier
|
| 500 |
|
|
|a Includes "References."
|
| 650 |
|
0 |
|a Astronomy.
|
| 651 |
|
0 |
|a Solar system.
|
| 700 |
1 |
|
|a Dugan, Raymond Smith,
|d 1878-1940.
|
| 700 |
1 |
|
|a Stewart, John Quincy,
|d 1894-1972.
|
| 700 |
1 |
|
|a Young, Charles A.
|q (Charles Augustus),
|d 1834-1908.
|t Manual of astronomy.
|
| 999 |
|
|
|a MARS
|
| 999 |
f |
f |
|s 6d0c16e5-9cba-3083-959b-23f14b911fba
|i b6b64807-2e7c-3a87-83d0-8991dc3e1104
|t 0
|
| 952 |
f |
f |
|p normal
|a Texas A&M University
|b College Station
|c Sterling C. Evans Library
|s Evans stk
|d Evans: Library Stacks
|t 0
|e QB43 .R86
|h Library of Congress classification
|i unmediated -- volume
|k v.1
|m A14800898214
|
| 952 |
f |
f |
|p ric
|a Texas A&M University
|b Rellis Campus
|c Joint Library Facility
|s JLF
|d Remote Storage
|t 0
|e QB43 .R86
|h Library of Congress classification
|i unmediated -- volume
|k v.2
|m A14800898222
|
| 952 |
f |
f |
|p ric
|a Texas A&M University
|b Rellis Campus
|c Joint Library Facility
|s JLF
|d Remote Storage
|t 0
|e QB43 .R86
|h Library of Congress classification
|i unmediated -- volume
|k v.1
|m A14800898230
|
| 952 |
f |
f |
|p normal
|a Texas A&M University
|b College Station
|c Sterling C. Evans Library
|s Evans stk
|d Evans: Library Stacks
|t 0
|e QB43 .R86
|h Library of Congress classification
|i unmediated -- volume
|k v.2
|m A14800898248
|
| 998 |
f |
f |
|a QB43 .R86
|s v2
|t 0
|l Remote Storage
|
| 998 |
f |
f |
|a QB43 .R86
|s v2
|t 0
|l Evans: Library Stacks
|